Biblia de Jerusalén : nueva edición : totalmente revisada y aumentada /

Detalles Bibliográficos
Formato: Electrónico eBook
Lenguaje:español
francés
Publicado: Bilbao : Desclée De Brouwer, 2009.
Edición:4a edición.
Materias:
Acceso en línea:Digitalia Hispánica

MARC

LEADER 00000nam a2200000 i 4500
001 DIGDESCL0112
003 NyNyDIG
006 m o d
007 cr |||||||||||
008 231119s2009 sp o 000 0 spa d
035 |a (OCoLC)1410557183 
040 |a DGITA  |b eng  |e rda  |e pn  |c DGITA 
020 |a 9788433036940  |q eBook 
041 1 |a spa  |h fre 
050 1 4 |a BS450 ebook 
130 0 |a Bible.  |l Spanish. 
245 0 0 |a Biblia de Jerusalén :  |b nueva edición : totalmente revisada y aumentada /  |c equipo de traductores de la edición española de la Biblia de Jerusalén. 
250 |a 4a edición. 
264 1 |a Bilbao :  |b Desclée De Brouwer,  |c 2009. 
300 |a 1 online resource. 
336 |a text  |b txt  |2 rdacontent 
337 |a computer file  |b c  |2 rdamedia 
338 |a online resource  |b cr  |2 rdacarrier 
347 |a text file  |2 rdaft 
347 |b EPUB 
588 0 |a Online resource; title from ePub title page (Digitalia, viewed November 19, 2023) 
630 0 0 |a Bible. 
791 2 |a Digitalia (Firm),  |e distributor. 
793 0 |g Digitalia eBook Collection:  |a Editorial Desclée De Brouwer 
856 4 0 |3 Digitalia Hispánica  |u https://www.digitaliapublishing.com/a/84179/ 
910 |a Premium collection: 2023